Learning to use WordStar 3.3 : An introduction /

Gespeichert in:
Bibliographische Detailangaben
Hauptverfasser: Cashman, Thomas J (Verfasst von), Shelly, Gary B (Verfasst von)
Format: Buch
Sprache:Englisch
Veröffentlicht: Boston : Boyd and Fraser Publishing Company, 1986
Tags: Tag hinzufügen
Keine Tags, Fügen Sie das erste Tag hinzu!

MARC

LEADER 00000nam a22000003a 4500
001 stu26544
005 20150617225739.4
008 911211s1986----xxu-----------------eng-d
020 |a 0-87835-211-2 
040 |a STU  |b slo 
041 0 |a eng 
044 |a xxu 
080 |a 652.5  |7 stu_us_auth*stu4233 
080 |a 519.687 
100 1 |a Cashman, Thomas J  |4 aut 
245 1 |a Learning to use WordStar 3.3 :  |b An introduction /  |c [aut]Shelly,Gary B.;Cashman,Thomas J 
260 |a Boston :  |b Boyd and Fraser Publishing Company,  |c 1986 
300 |a prer.s 
700 1 |a Shelly, Gary B  |4 aut 
996 |c V*40962/O-17364  |l VV7  |s P  |a 0  |w stu26544_0002